000
00330nam a2200145Ia 4500
005
20251222144728.0
008
251222s9999||||xx |||||||||||||| ||spa||
020
_a
84-7050-841-5
082
_a
234.7/R27/2005
100
_a
Ratzinger, Joseph
245
0
_a
Mirar a Cristo:
250
_a
2a.ed.
264
_b
Edicep
942
_c
LIB
999
_c
18492
_d
18492